Philosophy of the yogasutra : introduction (Record no. 1226967)

MARC details
000 -LEADER
fixed length control field 00684nam a2200229Ia 4500
005 - DATE AND TIME OF LATEST TRANSACTION
control field 20241129110015.0
008 - FIXED-LENGTH DATA ELEMENTS--GENERAL INFORMATION
fixed length control field 241129s9999||||xx |||||||||||||| ||und||
020 ## - INTERNATIONAL STANDARD BOOK NUMBER
International Standard Book Number 978-1-3502-8616-0
037 ## - SOURCE OF ACQUISITION
Stock number TB
040 ## - CATALOGING SOURCE
Original cataloging agency ARTS
Language of cataloging eng
Transcribing agency ARTS
041 ## - LANGUAGE CODE
Language code of text/sound track or separate title eng
Source of code eng
084 ## - COLON CLASSIFICATION NUMBER
Classification number R635x1,1:g R3
Assigning agency ARTS
100 ## - MAIN ENTRY--PERSONAL NAME
Personal name O'Brien - Kop Karen Au.
9 (RLIN) 723518
245 #0 - TITLE STATEMENT
Title Philosophy of the yogasutra : introduction
Statement of responsibility, etc. O'Brien - Kop Karen Au.
260 ## - PUBLICATION, DISTRIBUTION, ETC.
Place of publication, distribution, etc. UK
Name of publisher, distributor, etc. Bloomsbury Academic
Date of publication, distribution, etc. 2019
300 ## - PHYSICAL DESCRIPTION
Extent ix,186p.
365 ## - TRADE PRICE
Price type code UKP
Price amount 16.99
490 ## - SERIES STATEMENT
Series statement Bloomsbury introduction to world philosophies
650 ## - SUBJECT ADDED ENTRY--TOPICAL TERM
Topical term or geographic name entry element Philosophy
942 ## - ADDED ENTRY ELEMENTS (KOHA)
Koha item type Textbook
Classification part R635x1,1:g R3
Holdings
Withdrawn status Lost status Damaged status Not for loan Home library Current library Date acquired Source of acquisition Cost, normal purchase price Inventory number Total Checkouts Full call number Barcode Date last seen Price effective from Koha item type
        Arts Library Arts Library 2024-11-29 Excel Media 16.99 6270 & 08/12/2023   R635x1,1:g R3 AL1668000 2024-11-29 2024-11-29 Textbook
Copyright @ Delhi University Library System